Australian Prime Ministers by State - Statistics

General Stats
  • This quiz has been taken 35 times
    18 since last reset
  • The average score is 26 of 31
Answer Stats
Prime Minister State % Correct
Edmund Barton New South Wales
94%
Chris Watson New South Wales
89%
George Reid New South Wales
89%
Joseph Cook New South Wales
89%
Paul Keating New South Wales
89%
Tony Abbott New South Wales
89%
Malcolm Turnbull New South Wales
89%
Scott Morrison New South Wales
89%
Anthony Albanese New South Wales
89%
Billy Hughes New South Wales and Victoria
89%
Andrew Fisher Queensland
89%
Alfred Deakin Victoria
89%
John Howard New South Wales
83%
Kevin Rudd Queensland
83%
Stanley Bruce Victoria
83%
James Scullin Victoria
83%
Robert Menzies Victoria
83%
Earle Page New South Wales
78%
Ben Chifley New South Wales
78%
William McMahon New South Wales
78%
Gough Whitlam New South Wales
78%
Arthur Fadden Queensland
78%
Frank Forde Queensland
78%
Joseph Lyons Tasmania
78%
Harold Holt Victoria
78%
John McEwen Victoria
78%
John Gorton Victoria
78%
Malcolm Fraser Victoria
78%
Bob Hawke Victoria
78%
Julia Gillard Victoria
78%
John Curtin Western Australia
78%
No matching quizzes found
Score Distribution
Percent of People with Each Score
Percentile by Number Answered
Your Score History
You have not taken this quiz since the last reset